| 000 | 00988pam a2200277 a 4500 | ||
|---|---|---|---|
| 001 | 3944217 | ||
| 003 | OSt | ||
| 005 | 20211122080604.0 | ||
| 008 | 931115s1994 cau b 001 0 eng | ||
| 010 | _a 93043670 | ||
| 020 | _a0803952449 | ||
| 020 | _a0803952457 (pbk.) | ||
| 040 |
_cMMU _dMMU _beng _aMMU |
||
| 050 | 0 | 0 |
_aGN345 _b.B36 1994 |
| 082 | 0 | 0 |
_a306/.072 _220 |
| 100 | 1 |
_aBernard, H. Russell _q(Harvey Russell), _d1940- |
|
| 245 | 1 | 0 |
_aResearch methods in anthropology : _bqualitative and quantitative approaches / _cH. Russell Bernard. |
| 250 | _a2nd ed. | ||
| 260 |
_aThousand Oaks, CA : _bSage Publications, _cc1994. |
||
| 300 |
_axii, 585 p. ; _c24 cm. |
||
| 504 | _aIncludes bibliographical references (p. 538-564) and index. | ||
| 650 | 0 |
_aEthnology _xMethodology. |
|
| 906 |
_a7 _bcbc _corignew _d1 _eocip _f19 _gy-gencatlg |
||
| 942 |
_2lcc _cSHORTLOAN |
||
| 999 |
_c16466 _d16466 |
||